Hunger Games - Casting de Lever de Soleil sur la Moisson - Statistiques

Statistiques générales
  • Ce quiz a été pris 22 fois
    17 depuis la dernière actualisation
  • Le résultat moyen est 6 sur 15
Statistiques - réponses
Personnages Acteurs.ices % Correct
Maysile Donner MacKenna Grace
94%
Haymitch Abernathy Joseph Zada
75%
Snow Ralph Fiennes
75%
Effie Elle Fanning
69%
Wiress Maya Hawke
56%
Wyatt Callow Ben Wang
38%
Caesar Flickerman Kieran Culkin
38%
Lenore Dove Whitney Peak
31%
Lou Lou Iona Bell
25%
Magno Billy Porter
19%
Drusilla Glenn Close
19%
Plutarch Heavensbee Jesse Lemons
19%
Louella Molly McCann
19%
Beetee Latier Kelvin Harrison Jr.
13%
Mags Lili Taylor
13%
Aucun quiz correspondant
Distribution des résultats
% des personnes avec chaque résultat
Percentile par nombre de réponses
Votre historique - résultats
Vous n’avez pas pris ce quiz depuis la dernière actualisation